000 00599nam a2200253Ia 4500
005 20260121153733.0
008 008 260114s9999 xx 000 0 eng d
020 _a9781315571362
037 _aEBOOK
040 _aCRL
040 _beng
040 _cCRL
041 _2eng
041 _aeng
084 _qCRL
100 _aMary Hammond
_9998498
245 0 _aCharles Dickens's Great Expectations
260 _bTaylor and Francis
260 _c2015
856 _uhttp://www.taylorfrancis.com/books/9781315571362
942 _cEBOOK
999 _c1565318
_d1565318